000
00334 a2200157 4500
001
68162
020
_a
9788500490002
040
_c
Anchieta - Pituba
100
_a
Lara, William
240
1
0
_a
Relações do ensinar
_l
por
245
1
0
_a
Relações do ensinar
300
_a
60
362
0
_a
2004
650
4
_a
Educação
942
_c
BK
999
_c
68162
_d
68162